[Event "Foment Martinenc op-A 21st"]
[Site "Barcelona"]
[Date "2019.05.11"]
[Round "3"]
[White "Mir Vinas, Pau Jose"]
[Black "Aguadero Casado, Jorge Ignacio"]
[Result "1-0"]
[WhiteElo "1805"]
[BlackElo "1652"]
[PlyCount "23"]
[EventDate "2019.04.27"]
[EventType "swiss"]
[EventRounds "9"]
[EventCountry "ESP"]
[SourceTitle "EXT 2020"]
[Source "ChessBase"]
[SourceDate "2019.10.17"]
[SourceVersion "1"]
[SourceVersionDate "2019.10.17"]
[SourceQuality "1"]

1. e4 c6 2. Nc3 d5 3. Nf3 Bg4 4. h3 Bxf3 5. Qxf3 dxe4 6. Nxe4 Nd7 7. d4 Ngf6 8. Bc4 e6 9. Ng5 Qe7 10. 0-0 0-0-0 11. Bf4 h6 12. Qxc6+ 1-0

[Event "Foment Martinenc op-A 21st"]
[Site "Barcelona"]
[Date "2019.04.27"]
[Round "1"]
[White "Mir Vinas, Pau Jose"]
[Black "Cunillera Amigo, Jose Luis"]
[Result "0-1"]
[WhiteElo "1805"]
[BlackElo "2061"]
[PlyCount "102"]
[EventDate "2019.04.27"]
[EventType "swiss"]
[EventRounds "9"]
[EventCountry "ESP"]
[SourceTitle "EXT 2020"]
[Source "ChessBase"]
[SourceDate "2019.10.17"]
[SourceVersion "1"]
[SourceVersionDate "2019.10.17"]
[SourceQuality "1"]

1. e4 e6 2. d4 d5 3. Nd2 Nf6 4. e5 Ng8 5. Bd3 c5 6. c3 Nc6 7. Ne2 Qb6 8. Nf3 Bd7 9. 0-0 g6 10. Be3 c4 11. Bc2 Bg7 12. Qd2 h5 13. Ng5 Nge7 14. b3 Na5 15. b4 Nac6 16. a4 Nf5 17. Nf4 Nce7 18. a5 Qc7 19. Rfb1 Bh6 20. Nfh3 Nxe3 21. fxe3 Nf5 22. Qf2 Qd8 23. Bxf5 Bxg5 24. Nxg5 Qxg5 25. Bc2 a6 26. Rf1 0-0 27. Rae1 b6 28. axb6 Rab8 29. e4 Rxb6 30. h4 Qe7 31. Qg3 Qd8 32. Rf6 Be8 33. exd5 exd5 34. Ref1 Rxf6 35. exf6 Kh7 36. Qg5 Rh8 37. Qxh5+ Kg8 38. Qe5 Rxh4 39. Re1 Bc6 40. Qg3 Qxf6 41. Rf1 Rh1+ 42. Kxh1 Qxf1+ 43. Kh2 Qf6 44. Qb8+ Kg7 45. Qe5 Qxe5+ 46. dxe5 f6 47. e6 f5 48. g4 Kf6 49. gxf5 gxf5 50. e7 Bd7 51. Kg3 Kxe7 0-1

[Event "Barcelona Catalunya op 26th"]
[Site "Barcelona"]
[Date "2014.11.01"]
[Round "5"]
[White "Mir Vinas, Pau Jose"]
[Black "Ribes Colom, Jose Maria"]
[Result "1/2-1/2"]
[WhiteElo "1977"]
[BlackElo "1853"]
[PlyCount "97"]
[EventDate "2014.09.27"]
[EventType "swiss"]
[EventRounds "9"]
[EventCountry "ESP"]
[SourceTitle "EXT 2017"]
[Source "ChessBase"]
[SourceDate "2016.10.25"]
[SourceVersion "1"]
[SourceVersionDate "2016.10.25"]
[SourceQuality "1"]

1. d4 Nf6 2. Nf3 g6 3. Nc3 d5 4. Bg5 Bg7 5. Bxf6 Bxf6 6. e4 dxe4 7. Nxe4 Bg7 8. Bc4 0-0 9. Ne5 Bxe5 10. dxe5 Nc6 11. f4 Qd4 12. Qxd4 Nxd4 13. 0-0-0 Nf5 14. Rhe1 Ng7 15. Ng5 Bg4 16. Rd2 h6 17. h3 hxg5 18. hxg4 gxf4 19. Rd3 Rfd8 20. Rh3 e6 21. Reh1 Kf8 22. Rh8+ Ke7 23. R8h7 Rg8 24. Rd1 Rad8 25. Rxd8 Kxd8 26. g5 Ke7 27. Rh4 Nh5 28. Be2 Rh8 29. c4 c5 30. Kc2 Rd8 31. Bxh5 gxh5 32. Rxh5 Rg8 33. b3 a6 34. Kd3 Rd8+ 35. Ke4 Rd2 36. g6 Rxg2 37. gxf7 Rxa2 38. f8Q+ Kxf8 39. Rh6 b5 40. cxb5 axb5 41. Rxe6 Rb2 42. Kd5 Rxb3 43. Rf6+ Ke7 44. Re6+ Kf7 45. Rf6+ Kg7 46. Kxc5 f3 47. Rf4 Re3 48. Kxb5 Rxe5+ 49. Kc4 1/2-1/2

[Event "Barcelona La Lira-B 12th"]
[Site "Barcelona"]
[Date "2009.07.22"]
[Round "5"]
[White "Mir Vinas, Pau Jose"]
[Black "Escofet Llongueras, Joan"]
[Result "0-1"]
[WhiteElo "1949"]
[BlackElo "1889"]
[PlyCount "74"]
[EventDate "2009.07.18"]
[EventType "tourn"]
[EventRounds "9"]
[EventCountry "ESP"]
[SourceTitle "EXT 2011"]
[Source "ChessBase"]
[SourceDate "2010.11.26"]
[SourceVersion "1"]
[SourceVersionDate "2010.11.26"]
[SourceQuality "1"]

1. e4 e6 2. d4 d5 3. Nc3 Nf6 4. Bg5 Be7 5. e5 Nfd7 6. Bxe7 Qxe7 7. Qg4 f5 8. exf6 Nxf6 9. Qh4 a6 10. Bd3 c5 11. Nf3 Nc6 12. 0-0-0 c4 13. Bg6+ Kd8 14. Rhe1 Bd7 15. Ng5 Kc7 16. Bf5 Nd8 17. Re5 Qd6 18. Bh3 b5 19. Rde1 Re8 20. f4 h6 21. Nf3 b4 22. Nd1 a5 23. R5e3 Ne4 24. Nf2 Nxf2 25. Qxf2 Qxf4 26. g3 Qd6 27. Ne5 Rf8 28. Rf3 Nc6 29. Nxc6 Kxc6 30. Rf7 Rxf7 31. Qxf7 Rf8 32. Qxg7 Rf2 33. Qg6 c3 34. Bxe6 Kc7 35. bxc3 bxc3 36. Qxh6 Qa3+ 37. Kd1 Rd2+ 0-1

[Event "Barcelona La Lira op-B 11th"]
[Site "Barcelona"]
[Date "2008.07.20"]
[Round "2.5"]
[White "Mir Vinas, Pau Jose"]
[Black "Ramos Alvarez, Maximo"]
[Result "1-0"]
[WhiteElo "2007"]
[BlackElo "1976"]
[PlyCount "57"]
[EventDate "2008.07.19"]
[EventType "tourn"]
[EventRounds "9"]
[EventCountry "ESP"]
[SourceTitle "EXT 2024"]
[Source "ChessBase"]
[SourceDate "2023.10.10"]
[SourceVersion "1"]
[SourceVersionDate "2023.10.10"]
[SourceQuality "1"]

1. e4 e6 2. f4 d5 3. Nc3 dxe4 4. Nxe4 b6 5. d4 Bb7 6. Bd3 f5 7. Ng5 Bxg2 8. Qe2 Bxh1 9. Nxe6 Qh4+ 10. Kf1 Qe7 11. Bxf5 g6 12. Nxc7+ Kf7 13. Be6+ Kg7 14. Qe5+ Nf6 15. Nxa8 Bxa8 16. Qxb8 Qxe6 17. Qxa8 Bb4 18. Qxa7+ Nd7 19. c3 Bd6 20. Bd2 Qc4+ 21. Kf2 Qc6 22. Qa6 Rf8 23. Nh3 Nf6 24. Ng5 Re8 25. Qa7+ Bc7 26. Re1 Rxe1 27. Bxe1 h6 28. Qxc7+ Qxc7 29. Ne6+ 1-0

[Event "Catalunya-ch"]
[Site "Barcelona"]
[Date "2007.04.02"]
[Round "2"]
[White "Mir Vinas, Pau Jose"]
[Black "Garcia Extremera, Manuel"]
[Result "0-1"]
[WhiteElo "1950"]
[BlackElo "1429"]
[PlyCount "36"]
[EventDate "2007.04.01"]
[EventType "swiss"]
[EventRounds "9"]
[EventCountry "ESP"]
[SourceTitle "CBM 117 Extra"]
[Source "ChessBase"]
[SourceDate "2007.05.09"]
[SourceVersion "1"]
[SourceVersionDate "2007.05.09"]
[SourceQuality "1"]

1. e4 c5 2. Nf3 Nc6 3. d4 cxd4 4. Nxd4 Qc7 5. Nc3 a6 6. Be3 e6 7. g3 g6 8. Bg2 Bg7 9. 0-0 Nge7 10. f4 0-0 11. f5 exf5 12. exf5 gxf5 13. Nxf5 Nxf5 14. Rxf5 Ne7 15. Nd5 Nxd5 16. Bxd5 d6 17. Rg5 Qe7 18. Qd4 Qxg5 0-1

[Event "Catalunya-ch"]
[Site "Barcelona"]
[Date "2007.04.01"]
[Round "1"]
[White "Lacasta Palacio, Joaquim"]
[Black "Mir Vinas, Pau Jose"]
[Result "1-0"]
[WhiteElo "2227"]
[BlackElo "1950"]
[PlyCount "61"]
[EventDate "2007.04.01"]
[EventType "swiss"]
[EventRounds "9"]
[EventCountry "ESP"]
[SourceTitle "CBM 117 Extra"]
[Source "ChessBase"]
[SourceDate "2007.05.09"]
[SourceVersion "1"]
[SourceVersionDate "2007.05.09"]
[SourceQuality "1"]

1. g3 e5 2. Bg2 d5 3. c4 Nf6 4. cxd5 Nxd5 5. Nc3 Be6 6. Nf3 Nc6 7. 0-0 Be7 8. d4 exd4 9. Nxd4 Nxd4 10. Qxd4 Nxc3 11. Qxc3 Bf6 12. Qb4 Rb8 13. Be3 a5 14. Qxa5 0-0 15. Rfd1 Qe7 16. Bc5 b6 17. Bxe7 bxa5 18. Bxf8 Kxf8 19. Bd5 Rxb2 20. Bxe6 fxe6 21. e3 Rc2 22. Rdc1 Rxc1+ 23. Rxc1 Be5 24. Rc5 Bd6 25. Rxa5 Ke7 26. Kg2 Kd7 27. Kf3 Bb4 28. Rh5 h6 29. Ke4 c5 30. Kd3 Kd6 31. Kc4 1-0